00271nam a2200097Ia 4500008004100000082001200041100001600053245008500069260000900154300001000163190415s9999 xx 000 0 und d aRV.0068 aVerma, B.P. 0aStatus and potential of social forestry as an instrument for alleviation of pove c1989 a103p.